Loading...
Managerial economics analysis, problems, cases/4e
| Hovedforfatter: | |
|---|---|
| Sprog: | English |
| Udgivet: |
Singapore
Thomson
2002
|
| Udgivelse: | 4th ed |
| LEADER | 00468nam a22001457a 4500 | ||
|---|---|---|---|
| 005 | 20151215130147.0 | ||
| 008 | 100319t xxu||||| |||| 00| 0 eng d | ||
| 100 | |a Truett, Lila J |9 17441 | ||
| 245 | |a Managerial economics |b analysis, problems, cases/4e | ||
| 250 | |a 4th ed | ||
| 300 | |a 752p. | ||
| 942 | |c BB |6 _ | ||
| 260 | |a Singapore |b Thomson |c 2002 | ||
| 999 | |c 112372 |d 112372 | ||
| 952 | |0 0 |1 0 |2 ddc |4 0 |6 _ |7 0 |9 145918 |a SMS |b SMS |c GEN |d 2010-03-19 |g 0.00 |p SMSBB0086 |r 2010-03-19 |w 2010-03-19 |y BB | ||